000 00493nam a22001697a 4500
005 20180816111847.0
008 160622b xxu||||| |||| 00| 0 eng d
020 _a033-92536-X
041 _aeng
082 _b9252
_a658.4012
100 _aRamaswamy, V.S. and Namakumari, S.
_94825
245 _aStrategic Planning for Corporate Success: in the context of new economics policies
260 _bMc Millan india Ltd
_c1996
_aDelhi
300 _a269p,
650 _aManagement
_9241
942 _cBK
999 _c3588
_d3587